LIBRARY & INFORMATION CENTRE, KCAET, TAVANUR

ONLINE PUBLIC ACCESS CATALOGUE (OPAC)

Modern university physics: Mechanics and thermodynamics / (Record no. 7445)

MARC details
000 -LEADER
fixed length control field 00571cam a2200205ua 4500
041 ## - LANGUAGE CODE
Language code of text/sound track or separate title eng
082 ## - DEWEY DECIMAL CLASSIFICATION NUMBER
Classification number 539
Item number RIC/MO
100 ## - MAIN ENTRY--AUTHOR NAME
Personal name Richards, James A .
245 ## - TITLE STATEMENT
Title Modern university physics: Mechanics and thermodynamics /
260 ## - PUBLICATION, DISTRIBUTION, ETC. (IMPRINT)
Place of publication London :
Name of publisher Addison-Wesley Publishing Company ,
Year of publication 1960.
300 ## - PHYSICAL DESCRIPTION
Number of Pages 400 ; .
700 1# - ADDED ENTRY--PERSONAL NAME
Personal name Sears, Francis Weston .
700 1# - ADDED ENTRY--PERSONAL NAME
Personal name Wehr, Russel M.
700 1# - ADDED ENTRY--PERSONAL NAME
Personal name Zemansky, Mark W .
942 ## - ADDED ENTRY ELEMENTS (KOHA)
Koha item type Books
Holdings
Withdrawn status Lost status Damaged status Home library Current library Date acquired Full call number Accession Number Koha item type
Withdrawn     KAUAET KAUAET 07/04/2012 539 8006 Books
free website counter